[Event "Titled Tuesday intern op 02nd Apr Late"]
[Site "Chess.com INT"]
[Date "2024.04.02"]
[Round "5"]
[White "Principe, Gerson"]
[Black "Balla, Tamas Kristof"]
[Result "1-0"]
[WhiteElo "2158"]
[BlackElo "2291"]
[PlyCount "93"]
[EventDate "2024.04.02"]
[EventType "swiss (blitz)"]
[EventRounds "11"]
[EventCountry "USA"]
[SourceTitle "CB15_2024"]
[SourceDate "2024.04.10"]
[SourceVersion "1"]
[SourceVersionDate "2024.04.10"]
[SourceQuality "1"]

1. d4 d5 2. Nf3 Nf6 3. c4 e6 4. Nc3 c5 5. cxd5 exd5 6. g3 Nc6 7. Bg2 cxd4 8. Nxd4 Bc5 9. Nxc6 bxc6 10. 0-0 0-0 11. Qc2 Bb6 12. Bg5 Re8 13. Rac1 Ba6 14. Bf3 h6 15. Bxf6 Qxf6 16. Na4 Bb5 17. Nc3 Ba6 18. b3 Rac8 19. Na4 d4 20. Nb2 c5 21. Kg2 Rcd8 22. Nd3 Rc8 23. Nb2 Rcd8 24. Nc4 h5 25. Bxh5 Bb7+ 26. Kg1 d3 27. exd3 Qg5 28. Be2 Qd5 29. f3 Qd4+ 30. Rf2 Bc7 31. Qc3 Qd7 32. Bf1 Re6 33. Rd1 Rde8 34. Qd2 Qd4 35. Qb2 Qd7 36. d4 cxd4 37. Qxd4 Qe7 38. Kg2 Ba6 39. Qc3 Bxc4 40. Bxc4 Bb6 41. Bxe6 Bxf2 42. Kxf2 Qxe6 43. Qd3 Qb6+ 44. Qd4 Qa5 45. Qd2 Qb6+ 46. Kg2 Qf6 47. Re1 1-0

[Event "Titled Tuesday intern op 02nd Apr Early"]
[Site "Chess.com INT"]
[Date "2024.04.02"]
[Round "10"]
[White "Principe, Gerson"]
[Black "Kacprzak, Karol1"]
[Result "1/2-1/2"]
[WhiteElo "2158"]
[BlackElo "2334"]
[PlyCount "126"]
[EventDate "2024.04.02"]
[EventType "swiss (blitz)"]
[EventRounds "11"]
[EventCountry "USA"]
[SourceTitle "CB15_2024"]
[SourceDate "2024.04.10"]
[SourceVersion "1"]
[SourceVersionDate "2024.04.10"]
[SourceQuality "1"]

1. d4 Nf6 2. Nf3 e6 3. c4 d5 4. e3 Be7 5. Bd3 0-0 6. 0-0 b6 7. b3 Bb7 8. Bb2 Nbd7 9. Nbd2 Ne4 10. Qc2 f5 11. Rac1 Bd6 12. a3 a5 13. Ne1 Bxh2+ 14. Kxh2 Qh4+ 15. Kg1 Rf6 16. Bxe4 fxe4 17. f4 Rh6 18. Ndf3 exf3 19. Nxf3 Qg3 20. Qf2 Qxf2+ 21. Kxf2 Nf6 22. cxd5 Ng4+ 23. Kg1 Nxe3 24. Rxc7 Nxf1 25. Rxb7 Ne3 26. d6 Rd8 27. Ne5 Nd5 28. Nf7 Rf8 29. d7 Rf6 30. d8Q Rxd8 31. Nxd8 h5 32. Bc1 h4 33. Nc6 Rg6 34. Ne5 Rg3 35. b4 axb4 36. axb4 h3 37. Rb8+ Kh7 38. Nf3 Rxg2+ 39. Kh1 Rf2 40. Ng1 Rf1 41. Bd2 Rf2 42. Bc1 h2 43. Nh3 Rf1+ 44. Kxh2 Rxc1 45. Re8 Rc4 46. Rxe6 Nf6 47. Rxb6 Rxd4 48. b5 Rb4 49. Rb7 Kg6 50. Ng5 Kf5 51. Rxg7 Rxb5 52. Nh3 Rb2+ 53. Rg2 Rb3 54. Rg5+ Ke4 55. Re5+ Kf3 56. Rg5 Ne4 57. Rg2 Rb5 58. Ng5+ Kxf4 59. Nxe4 Kxe4 60. Re2+ Kd3 61. Ra2 Kc3 62. Re2 Rb2 63. Rxb2 Kxb2 1/2-1/2

[Event "Titled Tuesday intern op 02nd Apr Early"]
[Site "Chess.com INT"]
[Date "2024.04.02"]
[Round "8"]
[White "Principe, Gerson"]
[Black "Sonis, Francesco"]
[Result "1/2-1/2"]
[WhiteElo "2158"]
[BlackElo "2562"]
[PlyCount "183"]
[EventDate "2024.04.02"]
[EventType "swiss (blitz)"]
[EventRounds "11"]
[EventCountry "USA"]
[SourceTitle "CB15_2024"]
[SourceDate "2024.04.10"]
[SourceVersion "1"]
[SourceVersionDate "2024.04.10"]
[SourceQuality "1"]

1. d4 Nf6 2. Nf3 d5 3. c4 c6 4. e3 e6 5. Be2 Nbd7 6. 0-0 Bd6 7. Nc3 0-0 8. b3 Qe7 9. Bb2 b6 10. cxd5 exd5 11. Rc1 Bb7 12. Qc2 Rfe8 13. Rfd1 Nf8 14. Bd3 Ng6 15. Ne2 Rac8 16. Ng3 Qd8 17. Bf5 Rc7 18. Qb1 Bc8 19. Bxc8 Qxc8 20. Rc2 Bf8 21. Rdc1 Ne4 22. Nxe4 Rxe4 23. Rc3 Bb4 24. R3c2 f6 25. Bc3 Ba3 26. Bb2 Bb4 27. Bc3 Bd6 28. Bb2 Ne7 29. a3 a5 30. Qa2 h5 31. a4 h4 32. h3 g5 33. Nd2 Re6 34. Ba3 Qd7 35. Bxd6 Rxd6 36. f3 Nf5 37. Nf1 Re6 38. Rc3 Qe7 39. Qd2 Kg7 40. Kf2 Qd6 41. R1c2 Ng3 42. Qc1 c5 43. dxc5 bxc5 44. Rxc5 Rce7 45. Rc6 Qe5 46. Rxe6 Rxe6 47. Rc3 d4 48. Rd3 dxe3+ 49. Rxe3 Qd4 50. Qc3 Qb6 51. Nxg3 hxg3+ 52. Ke2 Rc6 53. Qd3 Rd6 54. Qc3 Qa6+ 55. Qc4 Qa7 56. Qe4 Rd7 57. h4 Qc7 58. hxg5 fxg5 59. Qe5+ Qxe5 60. Rxe5 Kf6 61. Rxa5 Re7+ 62. Kf1 Rc7 63. Ra6+ Kf5 64. Ra5+ Kf4 65. Rd5 Rc1+ 66. Ke2 Rg1 67. Rd4+ Ke5 68. Rg4 Rxg2+ 69. Ke3 Kf5 70. a5 Rg1 71. a6 Re1+ 72. Kd2 Ra1 73. Rxg3 Rxa6 74. Rg4 Ra2+ 75. Ke3 Rb2 76. Rd4 Rxb3+ 77. Kf2 Rb5 78. Kg3 Re5 79. Rg4 Re3 80. Rc4 Kg6 81. Rg4 Kh5 82. Rc4 Re1 83. Rg4 Rg1+ 84. Kh3 Rxg4 85. fxg4+ Kg6 86. Kg3 Kf6 87. Kf3 Ke5 88. Ke3 Kd5 89. Kd3 Ke5 90. Ke3 Kd5 91. Kd3 Ke5 92. Ke3 1/2-1/2

[Event "Titled Tuesday intern op 23rd Jan Late"]
[Site "Chess.com INT"]
[Date "2024.01.23"]
[Round "2"]
[White "Terry, Renato"]
[Black "Principe, Gerson"]
[Result "1-0"]
[WhiteElo "2522"]
[BlackElo "2158"]
[PlyCount "75"]
[EventDate "2024.01.23"]
[EventType "swiss (blitz)"]
[EventRounds "11"]
[EventCountry "USA"]
[SourceTitle "CB05_2024"]
[SourceDate "2024.01.31"]
[SourceVersion "1"]
[SourceVersionDate "2024.01.31"]
[SourceQuality "1"]

1. d4 Nf6 2. Bg5 Ne4 3. Bf4 d5 4. e3 e6 5. Bd3 Nf6 6. Nf3 Bd6 7. Bg5 h6 8. Bh4 Nbd7 9. Nbd2 c5 10. c3 b6 11. e4 Be7 12. e5 Ng8 13. Bg3 Bb7 14. 0-0 h5 15. h4 Nh6 16. Re1 Ng4 17. Nf1 c4 18. Bc2 Qc7 19. Ne3 Nxe3 20. fxe3 0-0-0 21. Qe2 Rde8 22. e4 g6 23. b3 dxe4 24. Bxe4 Bxe4 25. Qxe4 Kb8 26. Kh2 cxb3 27. axb3 Qb7 28. Qe2 Rc8 29. c4 a5 30. d5 Bb4 31. Red1 Rhd8 32. Ng5 Nc5 33. Qf3 Rd7 34. Nh7 Rdc7 35. Nf6 Qa7 36. d6 Rd7 37. Nxd7+ Qxd7 38. Rf1 1-0

[Event "Titled Tuesday intern op 09th Jan Early"]
[Site "Chess.com INT"]
[Date "2024.01.09"]
[Round "5"]
[White "Hrebenshchykova, Yelyzaveta"]
[Black "Principe, Gerson"]
[Result "1/2-1/2"]
[WhiteElo "2275"]
[BlackElo "2158"]
[PlyCount "65"]
[EventDate "2024.01.09"]
[EventType "swiss (blitz)"]
[EventRounds "11"]
[EventCountry "USA"]
[SourceTitle "CB03_2024"]
[SourceDate "2024.01.17"]
[SourceVersion "1"]
[SourceVersionDate "2024.01.17"]
[SourceQuality "1"]

1. e4 c6 2. d4 d5 3. e5 Bf5 4. h4 h5 5. Bd3 Bxd3 6. Qxd3 e6 7. Bg5 Be7 8. Nf3 Nd7 9. 0-0 Nh6 10. Bxe7 Qxe7 11. Nbd2 Nf5 12. c4 Nxh4 13. cxd5 Nxf3+ 14. Nxf3 cxd5 15. Rac1 0-0 16. Qb5 Nb6 17. a4 Rac8 18. a5 Nc4 19. Rc3 a6 20. Qa4 Nxb2 21. Qb3 Nc4 22. Ra1 Rc6 23. Ne1 Rfc8 24. Rc2 g6 25. Re2 Qc7 26. Qb4 Qd7 27. Nd3 R6c7 28. Nc5 Qe7 29. Rc1 Qg5 30. Rd1 Qe7 31. Rc1 Qe8 32. Rb1 Qe7 33. Rc1 1/2-1/2

[Event "Titled Tuesday intern op 09th Jan Early"]
[Site "Chess.com INT"]
[Date "2024.01.09"]
[Round "1"]
[White "Kostiukov, Alexandr"]
[Black "Principe, Gerson"]
[Result "0-1"]
[WhiteElo "2271"]
[BlackElo "2158"]
[PlyCount "86"]
[EventDate "2024.01.09"]
[EventType "swiss (blitz)"]
[EventRounds "11"]
[EventCountry "USA"]
[SourceTitle "CB03_2024"]
[SourceDate "2024.01.17"]
[SourceVersion "1"]
[SourceVersionDate "2024.01.17"]
[SourceQuality "1"]

1. g3 d5 2. Bg2 c6 3. d3 Nf6 4. e4 e6 5. e5 Nfd7 6. Qe2 Be7 7. Nf3 0-0 8. 0-0 Re8 9. c4 f6 10. d4 f5 11. Nc3 Nf8 12. cxd5 cxd5 13. h4 a6 14. Ng5 g6 15. Be3 Nc6 16. Rad1 Kg7 17. Qd2 Bd7 18. Kh2 Rc8 19. Nh3 Kg8 20. h5 b5 21. hxg6 hxg6 22. Rh1 b4 23. Ne2 Na5 24. b3 Qc7 25. Rc1 Qb7 26. Bg5 Bb5 27. Nef4 Rxc1 28. Rxc1 Bxg5 29. Nxg5 Qe7 30. Nfh3 Nc6 31. f4 Rc8 32. Bf1 Bxf1 33. Rxf1 Na7 34. Nf2 Nb5 35. Qe3 Rc3 36. Qe2 Qc7 37. Rh1 Rc2 38. Qf3 Nxd4 39. Qg2 Qc3 40. Rf1 Qe3 41. Kg1 Ne2+ 42. Kh1 Nxg3+ 43. Kh2 Nxf1+ 0-1

[Event "Titled Tuesday intern op 09th Jan Early"]
[Site "Chess.com INT"]
[Date "2024.01.09"]
[Round "3"]
[White "Principe, Gerson"]
[Black "Travkina, Anastasia"]
[Result "1-0"]
[WhiteElo "2158"]
[BlackElo "2202"]
[PlyCount "97"]
[EventDate "2024.01.09"]
[EventType "swiss (blitz)"]
[EventRounds "11"]
[EventCountry "USA"]
[SourceTitle "CB03_2024"]
[SourceDate "2024.01.17"]
[SourceVersion "1"]
[SourceVersionDate "2024.01.17"]
[SourceQuality "1"]

1. Nf3 Nf6 2. b3 g6 3. Bb2 Bg7 4. e3 0-0 5. Be2 c5 6. 0-0 Nc6 7. d4 d6 8. c4 Bf5 9. Nc3 a6 10. Qd2 Qc7 11. Rfd1 Rad8 12. Rac1 Qb8 13. d5 Ne5 14. Nxe5 dxe5 15. f3 e4 16. f4 e6 17. Qc2 exd5 18. Nxd5 Nxd5 19. Rxd5 Bxb2 20. Qxb2 b6 21. Rcd1 Be6 22. R5d2 Qc7 23. Qf6 Rxd2 24. Rxd2 Re8 25. g3 Qe7 26. Qe5 f6 27. Qxe4 Kf7 28. Kf2 Rd8 29. Rxd8 Qxd8 30. Qd3 Qc7 31. Bf3 Bd7 32. Bd5+ Kg7 33. Qe4 b5 34. Qe7+ Kh6 35. Qxf6 bxc4 36. Bxc4 Bb5 37. Qf8+ Kh5 38. Qf7 Qxf7 39. Bxf7 Kg4 40. Be6+ Kh5 41. h3 g5 42. f5 g4 43. h4 Kh6 44. e4 Kg7 45. Ke3 Kf6 46. Kf4 h5 47. e5+ Ke7 48. Bc4 Bd7 49. Bxa6 1-0

[Event "Titled Tuesday intern op 14th Nov Early"]
[Site "Chess.com INT"]
[Date "2023.11.14"]
[Round "3"]
[White "Principe, Gerson"]
[Black "Mizzi, Jack"]
[Result "1-0"]
[WhiteElo "2158"]
[BlackElo "2043"]
[PlyCount "63"]
[EventDate "2023.11.14"]
[EventType "swiss (blitz)"]
[EventRounds "11"]
[EventCountry "USA"]
[SourceTitle "CB47_2023"]
[SourceDate "2023.11.22"]
[SourceVersion "1"]
[SourceVersionDate "2023.11.22"]
[SourceQuality "1"]

1. Nf3 Nf6 2. d4 e6 3. c4 d5 4. g3 dxc4 5. Bg2 Bd7 6. 0-0 Bc6 7. Nc3 Bd6 8. Qc2 0-0 9. e4 Bb4 10. e5 Nd5 11. Ne4 f5 12. exf6 Nxf6 13. Nxf6+ Qxf6 14. Ne5 Bxg2 15. Kxg2 Bd6 16. Qxc4 Bxe5 17. dxe5 Qxe5 18. Bf4 Qh5 19. Qxe6+ Kh8 20. Rae1 Nc6 21. Qd7 Rad8 22. Qxc7 Nd4 23. Re3 Qd5+ 24. f3 Qxa2 25. Rf2 Ne6 26. Qxb7 Nxf4+ 27. gxf4 Rxf4 28. Re7 Rff8 29. Qxa7 Qd5 30. Qe3 Rb8 31. Qe5 Rf5 32. Qxg7# 1-0

[Event "South America-ch 1st"]
[Site "Lima"]
[Date "2023.09.17"]
[Round "4"]
[White "Navarro Ariza, Justin Jeshua"]
[Black "Principe, Gerson"]
[Result "1/2-1/2"]
[WhiteElo "1904"]
[BlackElo "2213"]
[PlyCount "53"]
[EventDate "2023.09.14"]
[EventType "swiss"]
[EventRounds "9"]
[EventCountry "PER"]
[SourceTitle "EXT 2024"]
[Source "ChessBase"]
[SourceDate "2023.10.10"]
[SourceVersion "1"]
[SourceVersionDate "2023.10.10"]
[SourceQuality "1"]

1. e4 d5 2. exd5 Qxd5 3. Nc3 Qd8 4. Nf3 Nf6 5. d4 e6 6. Bd3 Be7 7. 0-0 Nbd7 8. Ne5 0-0 9. Ne4 c6 10. Re1 Nxe4 11. Rxe4 f5 12. Re3 Nxe5 13. dxe5 g6 14. Rg3 Qd4 15. Qe2 Rd8 16. c3 Qc5 17. Bf4 Bd7 18. Bc4 Kf7 19. Rh3 Rh8 20. Rd1 Rad8 21. b4 Qb6 22. Rh5 Ke8 23. Rh3 Bc8 24. Rxd8+ Qxd8 25. Rd3 Qc7 26. Qe3 b5 27. Bb3 1/2-1/2

[Event "Titled Tuesday intern op 05th Sep Late"]
[Site "Chess.com INT"]
[Date "2023.09.05"]
[Round "5"]
[White "Andreikin, Dmitry"]
[Black "Principe, Gerson"]
[Result "1/2-1/2"]
[WhiteElo "2729"]
[BlackElo "2213"]
[PlyCount "153"]
[EventDate "2023.09.05"]
[EventType "swiss (blitz)"]
[EventRounds "11"]
[EventCountry "USA"]
[SourceTitle "EXT 2024"]
[Source "ChessBase"]
[SourceDate "2023.10.10"]
[SourceVersion "1"]
[SourceVersionDate "2023.10.10"]
[SourceQuality "1"]

1. c4 e6 2. Nc3 d5 3. d4 Nf6 4. cxd5 exd5 5. Bg5 Be7 6. e3 c6 7. Bd3 0-0 8. Nge2 Nbd7 9. 0-0 h6 10. Bh4 Ne4 11. Bxe7 Qxe7 12. Qc2 Ndf6 13. Rae1 Re8 14. f3 Nxc3 15. Nxc3 c5 16. dxc5 Qxc5 17. Nb5 Qxc2 18. Bxc2 Rd8 19. Kf2 Be6 20. Rc1 a6 21. Nd4 Rac8 22. Bb3 Kf8 23. g4 Ke7 24. h4 Nd7 25. Kg3 Nc5 26. Bc2 Rc7 27. Bf5 Rdc8 28. b3 Ne4+ 29. fxe4 Rxc1 30. Rf2 dxe4 31. Bxe4 Rg1+ 32. Kh2 Rxg4 33. Bxb7 Rc3 34. Bxa6 Rxe3 35. Nxe6 fxe6 36. Bc4 Rxh4+ 37. Kg2 Rg4+ 38. Kh2 g5 39. a4 Rf4 40. Ra2 Rxc4 41. bxc4 Rc3 42. a5 Rxc4 43. a6 Rc8 44. a7 Ra8 45. Kg3 h5 46. Ra5 Kf6 47. Kf3 Kg6 48. Kg3 Kf6 49. Kf3 Kg6 50. Kg3 e5 51. Ra1 Kf5 52. Rf1+ Ke6 53. Ra1 Kf6 54. Rf1+ Kg6 55. Ra1 e4 56. Ra6+ Kf5 57. Ra5+ Kf6 58. Ra6+ Ke5 59. Ra5+ Kd4 60. Kf2 h4 61. Ra4+ Ke5 62. Ke3 Kf5 63. Ra5+ Kg4 64. Kf2 Kf4 65. Ra6 g4 66. Rf6+ Ke5 67. Rf7 Kd4 68. Rd7+ Ke5 69. Re7+ Kf5 70. Rf7+ Ke6 71. Rh7 Kf5 72. Rf7+ Kg5 73. Rg7+ Kf4 74. Rf7+ Ke5 75. Re7+ Kd4 76. Rd7+ Ke5 77. Re7+ 1/2-1/2

[Event "Titled Tuesday intern op 05th Sep Late"]
[Site "Chess.com INT"]
[Date "2023.09.05"]
[Round "4"]
[White "Molenda, Marcin"]
[Black "Principe, Gerson"]
[Result "0-1"]
[WhiteElo "2395"]
[BlackElo "2213"]
[PlyCount "94"]
[EventDate "2023.09.05"]
[EventType "swiss (blitz)"]
[EventRounds "11"]
[EventCountry "USA"]
[SourceTitle "EXT 2024"]
[Source "ChessBase"]
[SourceDate "2023.10.10"]
[SourceVersion "1"]
[SourceVersionDate "2023.10.10"]
[SourceQuality "1"]

1. e4 c5 2. c3 Nf6 3. e5 Nd5 4. d4 cxd4 5. Nf3 d6 6. Qxd4 Nb6 7. exd6 Qxd6 8. Qxd6 exd6 9. Bf4 Nc6 10. Nbd2 Be6 11. b3 h6 12. h4 d5 13. Bb5 Ba3 14. Rd1 Be7 15. 0-0 0-0 16. Rfe1 Bf6 17. Be5 Nxe5 18. Nxe5 Bxh4 19. Ndf3 Bf6 20. Nd4 a6 21. Bd3 Rfe8 22. f4 Rac8 23. Rc1 Rcd8 24. Nef3 Bg4 25. Kf2 Nd7 26. b4 Nb6 27. Kg3 Rxe1 28. Rxe1 Bxf3 29. Kxf3 Bxd4 30. cxd4 Kf8 31. b5 a5 32. Rc1 Rc8 33. Rc5 Ke7 34. Bf5 Rxc5 35. dxc5 Na4 36. c6 bxc6 37. bxc6 Kd6 38. Bd7 Nc5 39. Be8 f5 40. Ke3 g5 41. Kd4 Ne6+ 42. Kd3 Nxf4+ 43. Ke3 Nxg2+ 44. Kf2 Nf4 45. Ke3 Ne6 46. Bd7 f4+ 47. Kf3 Nd4+ 0-1

[Event "PER-ch"]
[Site "Lima"]
[Date "2023.09.02"]
[Round "6"]
[White "Principe, Gerson"]
[Black "Lapa Cunias, Marco Antonio"]
[Result "1-0"]
[WhiteElo "2213"]
[BlackElo "1501"]
[PlyCount "43"]
[EventDate "2023.08.29"]
[EventType "swiss"]
[EventRounds "9"]
[EventCountry "PER"]
[SourceTitle "EXT 2024"]
[Source "ChessBase"]
[SourceDate "2023.10.10"]
[SourceVersion "1"]
[SourceVersionDate "2023.10.10"]
[SourceQuality "1"]

1. Nf3 Nf6 2. c4 e6 3. g3 d5 4. Bg2 Bd6 5. d4 h6 6. 0-0 0-0 7. Nc3 Nc6 8. cxd5 exd5 9. Nb5 Bf5 10. Nxd6 Qxd6 11. Bf4 Qb4 12. b3 Qb6 13. Qd2 Ne4 14. Qb2 g5 15. Be3 f6 16. Ne1 a5 17. Nd3 a4 18. Nc5 Rfc8 19. g4 Bg6 20. Bxe4 dxe4 21. Nd7 Qb5 22. Nxf6+ 1-0

[Event "Titled Tuesday intern op 29th Aug Early"]
[Site "Chess.com INT"]
[Date "2023.08.29"]
[Round "1"]
[White "Mompel Ferruz, Xavier"]
[Black "Principe, Gerson"]
[Result "0-1"]
[WhiteElo "2156"]
[BlackElo "2213"]
[PlyCount "174"]
[EventDate "2023.08.29"]
[EventType "swiss (blitz)"]
[EventRounds "11"]
[EventCountry "USA"]
[SourceTitle "EXT 2024"]
[Source "ChessBase"]
[SourceDate "2023.10.10"]
[SourceVersion "1"]
[SourceVersionDate "2023.10.10"]
[SourceQuality "1"]

1. e4 c5 2. Nf3 e6 3. d4 cxd4 4. Nxd4 Nf6 5. Nc3 Nc6 6. Ndb5 Bb4 7. a3 Bxc3+ 8. Nxc3 d5 9. exd5 exd5 10. Bd3 0-0 11. 0-0 d4 12. Ne2 Bg4 13. f3 Bh5 14. Nf4 Bg6 15. Nxg6 hxg6 16. f4 Nd5 17. Qf3 Re8 18. Bd2 Ne3 19. Rfe1 Qb6 20. b3 Rad8 21. Kf2 Qc5 22. b4 Qb6 23. b5 Na5 24. Bxe3 dxe3+ 25. Rxe3 Nb3 26. Rae1 Qc5 27. Kg3 Rxe3 28. Qxe3 Nd4 29. Kf2 b6 30. Kg1 Qxa3 31. h3 Qc5 32. Kh1 Ne6 33. Qxc5 bxc5 34. f5 gxf5 35. Bxf5 Nd4 36. Bd3 g6 37. Re7 Rb8 38. Rxa7 Nxb5 39. Bxb5 Rxb5 40. Rc7 Kg7 41. Kh2 g5 42. Kg3 Kg6 43. Kg4 Rb4+ 44. Kf3 Rc4 45. Ke3 Rxc2 46. Kd3 Rxg2 47. Rxc5 Rg3+ 48. Ke4 Rxh3 49. Rc6+ f6 50. Rc7 Rh4+ 51. Kf3 Rf4+ 52. Kg3 Ra4 53. Rc6 Ra3+ 54. Kg4 Ra4+ 55. Kg3 Kf5 56. Rc5+ Ke6 57. Rc6+ Ke7 58. Rc7+ Kd6 59. Rb7 Ke5 60. Rb5+ Ke6 61. Rb6+ Kf5 62. Rb5+ Kg6 63. Rb6 Ra7 64. Rc6 Re7 65. Kg4 Re4+ 66. Kg3 Re8 67. Kg4 Rb8 68. Ra6 Rb4+ 69. Kg3 Kg7 70. Ra7+ Kg8 71. Ra8+ Kf7 72. Ra7+ Ke6 73. Ra6+ Ke7 74. Ra7+ Kd6 75. Ra6+ Ke5 76. Ra5+ Ke4 77. Ra6 Kf5 78. Ra5+ Kg6 79. Ra6 Re4 80. Rb6 Re7 81. Ra6 Rh7 82. Kg4 Rh4+ 83. Kg3 Rf4 84. Rb6 Rf1 85. Ra6 Re1 86. Rb6 Kf5 87. Rb5+ Re5 0-1